000 00863nam a2200181Ia 4500
008 151202s9999||||xx |||||||||||||| ||und||
082 _bPNVM-45996
100 _aरेळेकर नि.ना. आणि गोंदकर दादामहाराज.
245 _aसंत नामदेवांची अभंगगाथा.
260 _bराष्टीय समिती इजलकरंजी.
260 _c2004
300 _a916
600 _aरेळेकर नि.ना. आणि गोंदकर दादामहाराज.
630 _aसंत नामदेवांची अभंगगाथा.
700 _aरेळेकर नि.ना. आणि गोंदकर दादामहाराज.
730 _aसंत नामदेवांची अभंगगाथा.
942 _cBOOK
999 _c1311946
_d1311943